Flight to quality or to captivity? information and credit allocation

Enregistré dans:
Détails bibliographiques
Auteur principal: Dell' Ariccia, Giovanni
Autres auteurs: Marquez, Robert
Format: Livre
Langue:anglais
Publié: Washington International Monetary Fund 2001
Collection:IMF Working Paper WP/01/20
Sujets:
Tags: Ajouter un tag
Pas de tags, Soyez le premier à ajouter un tag!

MARC

LEADER 00000nam a2200000 4500
001 c124643
005 20221221091156.1
041 0 |a eng 
044 |a US 
245 1 0 |a Flight to quality or to captivity?  |b information and credit allocation  |c Giovanni Dell Ariccia and Robert Marquez 
264 1 |a Washington  |b International Monetary Fund  |c 2001 
300 |a 25 s. 
490 1 |a IMF Working Paper  |v WP/01/20 
830 0 |a IMF Working Paper  |v WP/01/20 
610 2 0 |a úver 
610 2 0 |a bankovníctvo 
610 2 0 |a informácie 
100 1 |a Dell' Ariccia, Giovanni 
700 1 |a Marquez, Robert